Statistics for Top 10 US States Lowest Percentage on Food Stamps

Click here to take the quiz!

General Stats

  • This quiz has been taken 81 times
  • The average score is 6 of 10

Answer Stats

rankstate% Correct
50Wyoming
73%
49North Dakota
68%
45Colorado
66%
47New Hampshire
62%
41California
60%
43Minnesota
59%
48Utah
59%
42Kansas
49%
46Nebraska
48%
44New Jersey
42%

Score Distribution

Percentile by Number Answered

Percent of People with Each Score

Your Score History

You have not taken this quiz